000 00379nam a22001697a 4500
005 20160617163333.0
008 160617b xxu||||| |||| 00| 0 eng d
020 _a978-0-07-067738-8
041 _aeng
082 _b8034
100 _aTimmons, Jeffery A
_92149
245 _aNew Venture Creation
260 _bTMH
300 _a639
650 _aManagement
_9241
942 _cBK
999 _c3003
_d3002